[Event "399 Stay Safe Play From Home series"]
[Site "Emanuel Lasker Arena"]
[Date "2020.08.20"]
[Round "3"]
[White "Ionelluca"]
[Black "buzaglo"]
[Result "1-0"]
[WhiteElo "1991"]
[BlackElo "1730"]
[PlyCount "121"]
[EventDate "2020.08.20"]
[EventType "swiss (blitz)"]

1. e4 {[%emt 0:00:02]} e6 {[%emt 0:00:01]} 2. Nc3 {[%emt 0:00:02]} d5 {[%emt 0:00:00]} 3. d3 {[%emt 0:00:01]} d4 {[%emt 0:00:01]} 4. Nce2 {[%emt 0:00:01]} c5 {[%emt 0:00:01]} 5. f4 {[%emt 0:00:01]} Nc6 {[%emt 0:00:01]} 6. Nf3 {[%emt 0:00:01]} f6 {[%emt 0:00:03]} 7. g3 {[%emt 0:00:01]} e5 {[%emt 0:00:01]} 8. Bg2 {[%emt 0:00:09]} Bd6 {[%emt 0:00:02]} 9. fxe5 {[%emt 0:00:06]} Nxe5 {[%emt 0:00:02]} 10. Nxe5 {[%emt 0:00:02]} Bxe5 {[%emt 0:00:04]} 11. Bf4 {[%emt 0:00:01]} Bxf4 {[%emt 0:00:01]} 12. Nxf4 {[%emt 0:00:02]} Ne7 {[%emt 0:00:03]} 13. Qh5+ {[%emt 0:00:07]} Kd7 {[%emt 0:00:09]} 14. Qxc5 {[%emt 0:00:04]} Qb6 {[%emt 0:00:13]} 15. Qxe7+ {[%emt 0:00:16]} Kxe7 {[%emt 0:00:01]} 16. Nd5+ {[%emt 0:00:01]} Kf7 {[%emt 0:00:04]} 17. Nxb6 {[%emt 0:00:01]} axb6 {[%emt 0:00:00]} 18. O-O {[%emt 0:00:02]} Be6 {[%emt 0:00:05]} 19. a3 {[%emt 0:00:02]} Rac8 {[%emt 0:00:02]} 20. Rf2 {[%emt 0:00:02]} Rc7 {[%emt 0:00:02]} 21. e5 {[%emt 0:00:04]} f5 {[%emt 0:00:03]} 22. Bf3 {[%emt 0:00:11]} Rhc8 {[%emt 0:00:05]} 23. Bd1 {[%emt 0:00:02]} Rc5 {[%emt 0:00:02]} 24. Rf4 {[%emt 0:00:17]} Rxe5 {[%emt 0:00:04]} 25. Kf2 {[%emt 0:00:02]} Rd5 {[%emt 0:00:02]} 26. Rc1 {[%emt 0:00:03]} g5 {[%emt 0:00:03]} 27. Rf3 {[%emt 0:00:03]} Re5 {[%emt 0:00:05]} 28. Kf1 {[%emt 0:00:10]} Kg6 {[%emt 0:00:02]} 29. Rf2 {[%emt 0:00:02]} Rb5 {[%emt 0:00:04]} 30. b3 {[%emt 0:00:02]} Ra5 {[%emt 0:00:03]} 31. Ra1 {[%emt 0:00:04]} Rca8 {[%emt 0:00:02]} 32. a4 {[%emt 0:00:02]} Re5 {[%emt 0:00:02]} 33. Bf3 {[%emt 0:00:02]} Bd5 {[%emt 0:00:01]} 34. Bxd5 {[%emt 0:00:07]} Rxd5 {[%emt 0:00:00]} 35. Re1 {[%emt 0:00:00]} Kf6 {[%emt 0:00:04]} 36. Rfe2 {[%emt 0:00:03]} Rd6 {[%emt 0:00:01]} 37. Re7 {[%emt 0:00:04]} Rc8 {[%emt 0:00:01]} 38. Rxh7 {[%emt 0:00:03]} Rxc2 {[%emt 0:00:04]} 39. Rh6+ {[%emt 0:00:01]} Kf7 {[%emt 0:00:05]} 40. Rxd6 {[%emt 0:00:00]} Rc3 {[%emt 0:00:01]} 41. Rxb6 {[%emt 0:00:01]} Rc6 {[%emt 0:00:02]} 42. Rxc6 {[%emt 0:00:02]} bxc6 {[%emt 0:00:00]} 43. Re5 {[%emt 0:00:01]} Kf6 {[%emt 0:00:00]} 44. Rc5 {[%emt 0:00:01]} f4 {[%emt 0:00:02]} 45. gxf4 {[%emt 0:00:02]} gxf4 {[%emt 0:00:01]} 46. Kf2 {[%emt 0:00:01]} Ke6 {[%emt 0:00:02]} 47. Kf3 {[%emt 0:00:01]} Kd6 {[%emt 0:00:02]} 48. Rc4 {[%emt 0:00:01]} c5 {[%emt 0:00:01]} 49. Kxf4 {[%emt 0:00:02]} Kd5 {[%emt 0:00:00]} 50. Kf5 {[%emt 0:00:01]} Kd6 {[%emt 0:00:00]} 51. Ke4 {[%emt 0:00:01]} Kc6 {[%emt 0:00:01]} 52. b4 {[%emt 0:00:01]} Kd6 {[%emt 0:00:00]} 53. Rxc5 {[%emt 0:00:01]} Kd7 {[%emt 0:00:01]} 54. Kxd4 {[%emt 0:00:00]} Kd6 {[%emt 0:00:00]} 55. a5 {[%emt 0:00:00]} Ke6 {[%emt 0:00:00]} 56. a6 {[%emt 0:00:01]} Kd6 {[%emt 0:00:00]} 57. a7 {[%emt 0:00:01]} Ke6 {[%emt 0:00:00]} 58. a8=Q {[%emt 0:00:01]} Kf6 {[%emt 0:00:00]} 59. Qa6+ {[%emt 0:00:01]} Ke7 {[%emt 0:00:01]} 60. Rc7+ {[%emt 0:00:01]} Kd8 {[%emt 0:00:00]} 61. Qc8# {[%emt 0:00:01] (Lag: Av=0.99s, max=4.6s) (Lag: Av=0.99s, max=4.6s) (Lag: Av=0.99s, max=4.6s)} 1-0

[Event "399 Stay Safe Play From Home series"]
[Site "Emanuel Lasker Arena"]
[Date "2020.08.20"]
[Round "3"]
[White "Zink11"]
[Black "Padmaesh M K"]
[Result "1-0"]
[WhiteElo "1633"]
[BlackElo "1811"]
[Annotator "NA"]
[PlyCount "47"]
[EventDate "2020.08.20"]
[EventType "swiss (blitz)"]

1. e4 {[%emt 0:00:04]} c5 {[%emt 0:00:02]} 2. b4 {[%emt 0:00:07]} e6 {[%emt 0:00:06]} 3. bxc5 {[%emt 0:00:01]} Bxc5 {[%emt 0:00:00]} 4. d4 {[%emt 0:00:05]} Bb6 {[%emt 0:00:02]} 5. c3 {[%emt 0:00:02]} Ne7 {[%emt 0:00:04]} 6. f4 {[%emt 0:00:05]} d5 {[%emt 0:00:01]} 7. e5 {[%emt 0:00:03]} O-O {[%emt 0:00:02]} 8. Bd3 {[%emt 0:00:07]} Nbc6 {[%emt 0:00:04]} 9. Nf3 {[%emt 0:00:04]} f5 {[%emt 0:00:01]} 10. Ba3 {[%emt 0:00:08]} Bd7 {[%emt 0:00:08]} 11. Nbd2 {[%emt 0:00:09]} Rc8 {[%emt 0:00:03]} 12. Rc1 {[%emt 0:00:06]} Na5 {[%emt 0:00:02]} 13. Qe2 {[%emt 0:00:06]} Re8 {[%emt 0:00:07]} 14. O-O {[%emt 0:00:07]} Qc7 {[%emt 0:00:06]} 15. c4 {[%emt 0:00:06]} dxc4 {[%emt 0:00:02]} 16. Nxc4 {[%emt 0:00:04]} Nxc4 {[%emt 0:00:01]} 17. Bxc4 {[%emt 0:00:03]} Qb8 {[%emt 0:00:06]} 18. Ng5 {[%emt 0:00:05]} Nd5 {[%emt 0:00:02]} 19. Bd6 {[%emt 0:00:06]} Bc7 {[%emt 0:00:03]} 20. Bxd5 {[%emt 0:00:06]} exd5 {[%emt 0:00:01]} 21. Qh5 {[%emt 0:00:08]} h6 {[%emt 0:00:06]} 22. Qf7+ {[%emt 0:00:07]} Kh8 {[%emt 0:00:06]} 23. Qxd7 {[%emt 0:00:05]} hxg5 {[%emt 0:00:13]} 24. Bxc7 {[%emt 0:00:10] Padmaesh M K resigns Padmaesh M K resigns Padmaesh M K resigns} 1-0

[Event "399 Stay Safe Play From Home series"]
[Site "Emanuel Lasker Arena"]
[Date "2020.08.20"]
[Round "3"]
[White "Klasman"]
[Black "Aerocot"]
[Result "1-0"]
[WhiteElo "1547"]
[BlackElo "1691"]
[Annotator "NA"]
[PlyCount "117"]
[EventDate "2020.08.20"]
[EventType "swiss (blitz)"]

1. f4 {[%emt 0:00:17]} Nf6 {[%emt 0:00:03]} 2. Nf3 {[%emt 0:00:02]} e6 {[%emt 0:00:02]} 3. c4 {[%emt 0:00:01]} d5 {[%emt 0:00:02]} 4. d4 {[%emt 0:00:04]} Nc6 {[%emt 0:00:02]} 5. Nc3 {[%emt 0:00:01]} Bb4 {[%emt 0:00:02]} 6. e3 {[%emt 0:00:01]} Ne4 {[%emt 0:00:02]} 7. Bd2 {[%emt 0:00:01]} Nxd2 {[%emt 0:00:02]} 8. Qxd2 {[%emt 0:00:01]} O-O {[%emt 0:00:02]} 9. cxd5 {[%emt 0:00:02]} exd5 {[%emt 0:00:03]} 10. Bd3 {[%emt 0:00:01]} Bg4 {[%emt 0:00:04]} 11. O-O {[%emt 0:00:02]} Ne7 {[%emt 0:00:25]} 12. Ne5 {[%emt 0:00:03]} Bf5 {[%emt 0:00:04]} 13. g4 {[%emt 0:00:07]} Bxd3 {[%emt 0:00:02]} 14. Qxd3 {[%emt 0:00:02]} Ng6 {[%emt 0:00:01]} 15. Qf5 {[%emt 0:00:17]} Nxe5 {[%emt 0:00:04]} 16. fxe5 {[%emt 0:00:02]} Bxc3 {[%emt 0:00:01]} 17. bxc3 {[%emt 0:00:02]} c6 {[%emt 0:00:01]} 18. Rf3 {[%emt 0:00:03]} Re8 {[%emt 0:00:06]} 19. g5 {[%emt 0:00:02]} Qe7 {[%emt 0:00:03]} 20. Raf1 {[%emt 0:00:04]} Rf8 {[%emt 0:00:01]} 21. h4 {[%emt 0:00:01]} Qe6 {[%emt 0:00:09]} 22. Qf4 {[%emt 0:00:08]} Rae8 {[%emt 0:00:08]} 23. h5 {[%emt 0:00:01]} h6 {[%emt 0:00:14]} 24. gxh6 {[%emt 0:00:21]} Qxh6 {[%emt 0:00:03]} 25. Qxh6 {[%emt 0:00:05]} gxh6 {[%emt 0:00:01]} 26. Rf6 {[%emt 0:00:01]} Re6 {[%emt 0:00:10]} 27. Kg2 {[%emt 0:00:07]} Rxf6 {[%emt 0:00:03]} 28. Rxf6 {[%emt 0:00:02]} Kg7 {[%emt 0:00:07]} 29. Kf3 {[%emt 0:00:02]} Re8 {[%emt 0:00:01]} 30. Kf4 {[%emt 0:00:01]} Re6 {[%emt 0:00:01]} 31. Kf5 {[%emt 0:00:01]} Rxf6+ {[%emt 0:00:12]} 32. exf6+ {[%emt 0:00:04]} Kf8 {[%emt 0:00:06]} 33. Ke5 {[%emt 0:00:01]} Ke8 {[%emt 0:00:03]} 34. Kd6 {[%emt 0:00:03]} Kd8 {[%emt 0:00:01]} 35. a4 {[%emt 0:00:02]} a5 {[%emt 0:00:02]} 36. Ke5 {[%emt 0:00:13]} Kd7 {[%emt 0:00:05]} 37. e4 {[%emt 0:00:07]} dxe4 {[%emt 0:00:02]} 38. Kxe4 {[%emt 0:00:02]} Ke6 {[%emt 0:00:01]} 39. c4 {[%emt 0:00:02]} Kxf6 {[%emt 0:00:01]} 40. d5 {[%emt 0:00:01]} cxd5+ {[%emt 0:00:06]} 41. Kxd5 {[%emt 0:00:01]} Ke7 {[%emt 0:00:03]} 42. Kc5 {[%emt 0:00:02]} Kd7 {[%emt 0:00:04]} 43. Kb6 {[%emt 0:00:02]} Kc8 {[%emt 0:00:02]} 44. Kxa5 {[%emt 0:00:01]} f5 {[%emt 0:00:01]} 45. Kb4 {[%emt 0:00:01]} f4 {[%emt 0:00:00]} 46. Kc3 {[%emt 0:00:01]} f3 {[%emt 0:00:00]} 47. Kd2 {[%emt 0:00:01]} f2 {[%emt 0:00:00]} 48. Ke2 {[%emt 0:00:01]} Kc7 {[%emt 0:00:00]} 49. Kxf2 {[%emt 0:00:01]} Kc6 {[%emt 0:00:00]} 50. Ke3 {[%emt 0:00:01]} Kc5 {[%emt 0:00:00]} 51. Kd3 {[%emt 0:00:01]} Kc6 {[%emt 0:00:01]} 52. Kd4 {[%emt 0:00:01]} Kd6 {[%emt 0:00:01]} 53. c5+ {[%emt 0:00:01]} Kc6 {[%emt 0:00:00]} 54. Ke5 {[%emt 0:00:01]} Kxc5 {[%emt 0:00:01]} 55. Kf6 {[%emt 0:00:01]} Kd6 {[%emt 0:00:00]} 56. Kg6 {[%emt 0:00:01]} Ke6 {[%emt 0:00:00]} 57. Kxh6 {[%emt 0:00:01]} Kf6 {[%emt 0:00:00]} 58. Kh7 {[%emt 0:00:01] ' ' '} Kf7 {[%emt 0:00:01]} 59. Kh8 {[%emt 0:00:02] Time Time Time (Lag: Av=1.13s, max=1.9s) (Lag: Av=1.13s, max=1.9s) (Lag: Av=1.13s, max=1.9s)} 1-0

[Event "399 Stay Safe Play From Home series"]
[Site "Emanuel Lasker Arena"]
[Date "2020.08.20"]
[Round "3"]
[White "Matematyk3"]
[Black "Kongle"]
[Result "0-1"]
[WhiteElo "1521"]
[BlackElo "1813"]
[Annotator "NA"]
[PlyCount "54"]
[EventDate "2020.08.20"]
[EventType "swiss (blitz)"]

1. c4 {[%emt 0:00:04]} e5 {[%emt 0:00:06]} 2. Nc3 {[%emt 0:00:16]} Nc6 {[%emt 0:00:02]} 3. e4 {[%emt 0:00:01]} f5 {[%emt 0:00:05]} 4. Nf3 {[%emt 0:00:00]} f4 {[%emt 0:00:03]} 5. d4 {[%emt 0:00:02]} g5 {[%emt 0:00:11]} 6. h3 {[%emt 0:00:04]} exd4 {[%emt 0:00:04]} 7. Nxd4 {[%emt 0:00:09]} Ne5 {[%emt 0:00:07]} 8. Qh5+ {[%emt 0:00:10]} Nf7 {[%emt 0:00:24]} 9. Nf5 {[%emt 0:00:14]} Nf6 {[%emt 0:00:05] Matematyk3 reconnected. Matematyk3 reconnected. Matematyk3 reconnected.} 10. Qd1 {[%emt 0:00:23]} d6 {[%emt 0:00:05]} 11. Nd5 {[%emt 0:00:08]} Bxf5 {[%emt 0:00:04]} 12. Nxf6+ {[%emt 0:00:07]} Qxf6 {[%emt 0:00:02]} 13. exf5 {[%emt 0:00:00]} O-O-O {[%emt 0:00:08]} 14. Bd3 {[%emt 0:00:05]} Re8+ {[%emt 0:00:01]} 15. Kf1 {[%emt 0:00:01]} c6 {[%emt 0:00:14]} 16. Qa4 {[%emt 0:00:07]} Kb8 {[%emt 0:00:02]} 17. Rb1 {[%emt 0:00:06]} Qd4 {[%emt 0:00:06]} 18. Qc2 {[%emt 0:00:06]} Ne5 {[%emt 0:00:14]} 19. Be2 {[%emt 0:00:08]} h6 {[%emt 0:00:14]} 20. b3 {[%emt 0:00:02]} Bg7 {[%emt 0:00:11]} 21. Bb2 {[%emt 0:00:02]} Qc5 {[%emt 0:00:04]} 22. Bxe5 {[%emt 0:00:06]} Qxe5 {[%emt 0:00:04]} 23. Re1 {[%emt 0:00:05]} Re7 {[%emt 0:00:12]} 24. Qd1 {[%emt 0:00:09]} Rhe8 {[%emt 0:00:06]} 25. g3 {[%emt 0:00:06]} f3 {[%emt 0:00:04]} 26. Bd3 {[%emt 0:00:14]} Qxe1+ {[%emt 0:00:01]} 27. Qxe1 {[%emt 0:00:02]} Rxe1# {[%emt 0:00:01] (Lag: Av=0.60s, max=1.3s) (Lag: Av=0.60s, max=1.3s) (Lag: Av=0.60s, max=1.3s)} 0-1

[Event "399 Stay Safe Play From Home series"]
[Site "Emanuel Lasker Arena"]
[Date "2020.08.20"]
[Round "4"]
[White "Mepe_Nika"]
[Black "ionelluca"]
[Result "0-1"]
[WhiteElo "2360"]
[BlackElo "1998"]
[PlyCount "96"]
[EventDate "2020.08.20"]
[EventType "swiss (blitz)"]

1. d4 {[%emt 0:00:05]} d6 {[%emt 0:00:01]} 2. e4 {[%emt 0:00:01]} e6 {[%emt 0:00:01]} 3. Nc3 {[%emt 0:00:03]} Nd7 {[%emt 0:00:01]} 4. Be3 {[%emt 0:00:02]} c5 {[%emt 0:00:02]} 5. Nf3 {[%emt 0:00:03]} cxd4 {[%emt 0:00:01]} 6. Nxd4 {[%emt 0:00:01]} a6 {[%emt 0:00:01]} 7. Qd2 {[%emt 0:00:02]} b5 {[%emt 0:00:01]} 8. h4 {[%emt 0:00:04]} Bb7 {[%emt 0:00:01]} 9. f3 {[%emt 0:00:01]} Rc8 {[%emt 0:00:01]} 10. g4 {[%emt 0:00:03]} Qa5 {[%emt 0:00:05]} 11. g5 {[%emt 0:00:05]} b4 {[%emt 0:00:01]} 12. Nce2 {[%emt 0:00:02]} Ne5 {[%emt 0:00:01]} 13. Ng3 {[%emt 0:00:06]} h6 {[%emt 0:00:09]} 14. Be2 {[%emt 0:00:32]} hxg5 {[%emt 0:00:03]} 15. hxg5 {[%emt 0:00:00]} Rxh1+ {[%emt 0:00:03]} 16. Nxh1 {[%emt 0:00:00]} d5 {[%emt 0:00:14]} 17. f4 {[%emt 0:00:06]} Nc4 {[%emt 0:00:04]} 18. Bxc4 {[%emt 0:00:01]} Rxc4 {[%emt 0:00:04]} 19. g6 {[%emt 0:00:04]} Nf6 {[%emt 0:00:06]} 20. gxf7+ {[%emt 0:00:02]} Kxf7 {[%emt 0:00:01]} 21. Ng3 {[%emt 0:00:02]} dxe4 {[%emt 0:00:05]} 22. Nb3 {[%emt 0:00:17]} Qd5 {[%emt 0:00:05]} 23. O-O-O {[%emt 0:00:06]} Qxd2+ {[%emt 0:00:04]} 24. Rxd2 {[%emt 0:00:00]} Nd5 {[%emt 0:00:04]} 25. Nf1 {[%emt 0:00:05]} Bd6 {[%emt 0:00:08]} 26. Na5 {[%emt 0:00:03]} Rc7 {[%emt 0:00:02]} 27. Nxb7 {[%emt 0:00:01]} Rxb7 {[%emt 0:00:01]} 28. f5 {[%emt 0:00:02]} Nxe3 {[%emt 0:00:03]} 29. Nxe3 {[%emt 0:00:03]} Bf4 {[%emt 0:00:01]} 30. fxe6+ {[%emt 0:00:01]} Kxe6 {[%emt 0:00:01]} 31. Re2 {[%emt 0:00:03]} Rd7 {[%emt 0:00:05]} 32. a4 {[%emt 0:00:08]} g5 {[%emt 0:00:02]} 33. Kb1 {[%emt 0:00:12]} Bxe3 {[%emt 0:00:01]} 34. Rxe3 {[%emt 0:00:00]} Kf5 {[%emt 0:00:01]} 35. c4 {[%emt 0:00:01]} bxc3 {[%emt 0:00:02]} 36. bxc3 {[%emt 0:00:03]} Kf4 {[%emt 0:00:01]} 37. Re1 {[%emt 0:00:01]} e3 {[%emt 0:00:01]} 38. Kc2 {[%emt 0:00:01]} Kf3 {[%emt 0:00:01]} 39. Rf1+ {[%emt 0:00:02]} Ke4 {[%emt 0:00:01]} 40. Rf8 {[%emt 0:00:03]} e2 {[%emt 0:00:01]} 41. Re8+ {[%emt 0:00:02]} Kf3 {[%emt 0:00:01]} 42. Rf8+ {[%emt 0:00:01]} Ke3 {[%emt 0:00:01]} 43. Re8+ {[%emt 0:00:01]} Kf2 {[%emt 0:00:01]} 44. Rf8+ {[%emt 0:00:00]} Kg2 {[%emt 0:00:02]} 45. Re8 {[%emt 0:00:01]} Kf1 {[%emt 0:00:01]} 46. Rf8+ {[%emt 0:00:01]} Ke1 {[%emt 0:00:02]} 47. c4 {[%emt 0:00:01]} Rd2+ {[%emt 0:00:01]} 48. Kc3 {[%emt 0:00:01]} Kd1 {[%emt 0:00:01] Mepe_Nika resigns Mepe_Nika resigns Mepe_Nika resigns (Lag: Av=0.61s, max=3.3s) (Lag: Av=0.61s, max=3.3s) (Lag: Av=0.61s, max=3.3s)} 0-1

[Event "399 Stay Safe Play From Home series"]
[Site "Emanuel Lasker Arena"]
[Date "2020.08.20"]
[Round "4"]
[White "Padmaesh M K"]
[Black "AChessPlayer"]
[Result "0-1"]
[WhiteElo "1786"]
[BlackElo "2434"]
[PlyCount "114"]
[EventDate "2020.08.20"]
[EventType "swiss (blitz)"]

1. Nf3 {[%emt 0:00:07]} Nf6 {[%emt 0:00:01]} 2. g3 {[%emt 0:00:01]} g6 {[%emt 0:00:02]} 3. Bg2 {[%emt 0:00:01]} Bg7 {[%emt 0:00:00]} 4. c4 {[%emt 0:00:01]} O-O {[%emt 0:00:01]} 5. Nc3 {[%emt 0:00:00]} c5 {[%emt 0:00:01]} 6. O-O {[%emt 0:00:00]} Nc6 {[%emt 0:00:01]} 7. d4 {[%emt 0:00:03]} cxd4 {[%emt 0:00:01]} 8. Nxd4 {[%emt 0:00:00]} d6 {[%emt 0:00:00]} 9. Nxc6 {[%emt 0:00:04]} bxc6 {[%emt 0:00:00]} 10. Bxc6 {[%emt 0:00:01]} Rb8 {[%emt 0:00:01]} 11. Qc2 {[%emt 0:00:14]} Qc7 {[%emt 0:00:18]} 12. Nd5 {[%emt 0:00:03]} Nxd5 {[%emt 0:00:05]} 13. Bxd5 {[%emt 0:00:00]} e6 {[%emt 0:00:06]} 14. Bg2 {[%emt 0:00:05]} Ba6 {[%emt 0:00:05]} 15. Rb1 {[%emt 0:00:08]} Qxc4 {[%emt 0:00:05]} 16. Qxc4 {[%emt 0:00:07]} Bxc4 {[%emt 0:00:00]} 17. Re1 {[%emt 0:00:04]} Bc3 {[%emt 0:00:16]} 18. Rf1 {[%emt 0:00:08]} Bxe2 {[%emt 0:00:08]} 19. Bh6 {[%emt 0:00:01]} Bxf1 {[%emt 0:00:01]} 20. Bxf8 {[%emt 0:00:04]} Kxf8 {[%emt 0:00:02]} 21. Bxf1 {[%emt 0:00:04]} Bxb2 {[%emt 0:00:03]} 22. Ba6 {[%emt 0:00:04]} Rb6 {[%emt 0:00:02]} 23. Bd3 {[%emt 0:00:04]} a5 {[%emt 0:00:04]} 24. a4 {[%emt 0:00:04]} Rb4 {[%emt 0:00:02]} 25. Bb5 {[%emt 0:00:04]} d5 {[%emt 0:00:01]} 26. Kf1 {[%emt 0:00:02]} Ke7 {[%emt 0:00:03]} 27. Ke2 {[%emt 0:00:01]} Kd6 {[%emt 0:00:04]} 28. Kd3 {[%emt 0:00:01]} Rd4+ {[%emt 0:00:08]} 29. Kc2 {[%emt 0:00:15]} Ba3 {[%emt 0:00:01]} 30. Rb3 {[%emt 0:00:04]} Bb4 {[%emt 0:00:01]} 31. Rd3 {[%emt 0:00:02]} Re4 {[%emt 0:00:01]} 32. Re3 {[%emt 0:00:04]} Rg4 {[%emt 0:00:07]} 33. Be2 {[%emt 0:00:02]} Rd4 {[%emt 0:00:05]} 34. h4 {[%emt 0:00:23]} Rd2+ {[%emt 0:00:03]} 35. Kb1 {[%emt 0:00:05]} e5 {[%emt 0:00:01]} 36. f4 {[%emt 0:00:04]} f6 {[%emt 0:00:03]} 37. fxe5+ {[%emt 0:00:03]} fxe5 {[%emt 0:00:00]} 38. Bb5 {[%emt 0:00:02]} e4 {[%emt 0:00:01]} 39. Rb3 {[%emt 0:00:03]} Ke5 {[%emt 0:00:03]} 40. Kc1 {[%emt 0:00:01]} Rg2 {[%emt 0:00:01]} 41. Kd1 {[%emt 0:00:02]} d4 {[%emt 0:00:01]} 42. Bc6 {[%emt 0:00:04]} d3 {[%emt 0:00:01]} 43. Rxd3 {[%emt 0:00:02]} exd3 {[%emt 0:00:01]} 44. Bxg2 {[%emt 0:00:02]} Kd4 {[%emt 0:00:04]} 45. Bc6 {[%emt 0:00:00]} Bd6 {[%emt 0:00:04]} 46. g4 {[%emt 0:00:00]} Ke3 {[%emt 0:00:06]} 47. h5 {[%emt 0:00:00]} g5 {[%emt 0:00:10]} 48. h6 {[%emt 0:00:01]} Bf8 {[%emt 0:00:02]} 49. Be8 {[%emt 0:00:01]} Bxh6 {[%emt 0:00:01]} 50. Bf7 {[%emt 0:00:00]} Bg7 {[%emt 0:00:01]} 51. Bg8 {[%emt 0:00:00]} h6 {[%emt 0:00:01]} 52. Be6 {[%emt 0:00:01]} Bc3 {[%emt 0:00:01]} 53. Bf5 {[%emt 0:00:00]} Kf4 {[%emt 0:00:01]} 54. Bd7 {[%emt 0:00:00]} Kf3 {[%emt 0:00:04]} 55. Bf5 {[%emt 0:00:00]} Ke3 {[%emt 0:00:01]} 56. Bd7 {[%emt 0:00:00]} Kf4 {[%emt 0:00:01]} 57. Bf5 {[%emt 0:00:01]} h5 {[%emt 0:00:01] Time Time (Lag: Av=0.61s, max=1.1s) (Lag: Av=0.61s, max=1.1s) Time (Lag: Av=0.61s, max=1.1s)} 0-1

[Event "399 Stay Safe Play From Home series"]
[Site "Emanuel Lasker Arena"]
[Date "2020.08.20"]
[Round "4"]
[White "buzaglo"]
[Black "Kongle"]
[Result "0-1"]
[WhiteElo "1724"]
[BlackElo "1818"]
[Annotator "NA"]
[PlyCount "82"]
[EventDate "2020.08.20"]
[EventType "swiss (blitz)"]

1. d4 {[%emt 0:00:01]} Nf6 {[%emt 0:00:08]} 2. Nf3 {[%emt 0:00:03]} e6 {[%emt 0:00:02]} 3. g3 {[%emt 0:00:01]} d5 {[%emt 0:00:01]} 4. Bg2 {[%emt 0:00:00]} Bd6 {[%emt 0:00:03]} 5. O-O {[%emt 0:00:00]} Nbd7 {[%emt 0:00:02]} 6. Nbd2 {[%emt 0:00:01]} c5 {[%emt 0:00:02]} 7. dxc5 {[%emt 0:00:01]} Bxc5 {[%emt 0:00:02]} 8. Nb3 {[%emt 0:00:01]} Bb6 {[%emt 0:00:01]} 9. a4 {[%emt 0:00:02]} O-O {[%emt 0:00:02]} 10. a5 {[%emt 0:00:01]} Bc7 {[%emt 0:00:01]} 11. Re1 {[%emt 0:00:04]} a6 {[%emt 0:00:02]} 12. Bg5 {[%emt 0:00:04]} Re8 {[%emt 0:00:13]} 13. e4 {[%emt 0:00:04]} dxe4 {[%emt 0:00:03]} 14. Nh4 {[%emt 0:00:04]} Nf8 {[%emt 0:00:12]} 15. Qe2 {[%emt 0:00:11]} Qd5 {[%emt 0:00:08]} 16. Bxf6 {[%emt 0:00:04]} gxf6 {[%emt 0:00:01]} 17. Bxe4 {[%emt 0:00:05]} Qg5 {[%emt 0:00:06]} 18. Nf3 {[%emt 0:00:05]} Qh6 {[%emt 0:00:06]} 19. Rad1 {[%emt 0:00:11]} e5 {[%emt 0:00:03]} 20. Qc4 {[%emt 0:00:09]} Re7 {[%emt 0:00:17]} 21. Nc5 {[%emt 0:00:08]} Ne6 {[%emt 0:00:06]} 22. Nxb7 {[%emt 0:00:10]} Bxb7 {[%emt 0:00:09]} 23. Bxb7 {[%emt 0:00:00]} Rb8 {[%emt 0:00:10]} 24. Qxa6 {[%emt 0:00:04]} Nc5 {[%emt 0:00:08]} 25. Qc6 {[%emt 0:00:12]} Nxb7 {[%emt 0:00:02]} 26. Rd7 {[%emt 0:00:05]} Rxd7 {[%emt 0:00:12]} 27. Qxd7 {[%emt 0:00:00]} Bxa5 {[%emt 0:00:02]} 28. Rd1 {[%emt 0:00:06]} Nc5 {[%emt 0:00:06]} 29. Qd6 {[%emt 0:00:04]} Rc8 {[%emt 0:00:09]} 30. Nxe5 {[%emt 0:00:11]} Qh5 {[%emt 0:00:09]} 31. Nc4 {[%emt 0:00:06]} Ne4 {[%emt 0:00:09]} 32. Nxa5 {[%emt 0:00:17]} Nxd6 {[%emt 0:00:03]} 33. Rxd6 {[%emt 0:00:04]} Rxc2 {[%emt 0:00:00]} 34. Rd8+ {[%emt 0:00:01]} Kg7 {[%emt 0:00:01]} 35. Kg2 {[%emt 0:00:04]} Qe2 {[%emt 0:00:01]} 36. Rg8+ {[%emt 0:00:04] Time Time Time (Lag: Av=1.01s, max=7.6s) (Lag: Av=1.01s, max=7.6s) (Lag: Av=1.01s, max=7.6s)} Kxg8 37. Kh3 Qxf2 38. Kg4 f5+ 39. Kg5 Kg7 40. Nb7 f6+ 41. Kh5 Qxh2# 0-1

[Event "399 Stay Safe Play From Home series"]
[Site "Emanuel Lasker Arena"]
[Date "2020.08.20"]
[Round "4"]
[White "Aerocot"]
[Black "matematyk3"]
[Result "1-0"]
[WhiteElo "1668"]
[BlackElo "1516"]
[Annotator "NA"]
[PlyCount "45"]
[EventDate "2020.08.20"]
[EventType "swiss (blitz)"]

1. d4 {[%emt 0:00:01]} d5 {[%emt 0:00:04]} 2. c4 {[%emt 0:00:01]} e6 {[%emt 0:00:02]} 3. Nc3 {[%emt 0:00:00]} Bb4 {[%emt 0:00:03]} 4. Nf3 {[%emt 0:00:00]} Bxc3+ {[%emt 0:00:02]} 5. bxc3 {[%emt 0:00:02]} Nf6 {[%emt 0:00:00]} 6. Bg5 {[%emt 0:00:02]} O-O {[%emt 0:00:03]} 7. Bxf6 {[%emt 0:00:01]} Qxf6 {[%emt 0:00:02]} 8. cxd5 {[%emt 0:00:00]} exd5 {[%emt 0:00:02]} 9. e3 {[%emt 0:00:00]} c5 {[%emt 0:00:02]} 10. Be2 {[%emt 0:00:02]} cxd4 {[%emt 0:00:03]} 11. cxd4 {[%emt 0:00:01]} Nc6 {[%emt 0:00:02]} 12. O-O {[%emt 0:00:01]} Be6 {[%emt 0:00:03]} 13. Rc1 {[%emt 0:00:01]} Rac8 {[%emt 0:00:03]} 14. Qb3 {[%emt 0:00:03]} Qe7 {[%emt 0:00:05]} 15. Rc5 {[%emt 0:00:14]} b6 {[%emt 0:00:04]} 16. Rcc1 {[%emt 0:00:10]} Qb4 {[%emt 0:00:09]} 17. Ba6 {[%emt 0:00:09]} Qxb3 {[%emt 0:00:09]} 18. axb3 {[%emt 0:00:02]} Rc7 {[%emt 0:00:08]} 19. Ne5 {[%emt 0:00:02]} Nb4 {[%emt 0:00:19]} 20. Rxc7 {[%emt 0:00:04]} Nxa6 {[%emt 0:00:00]} 21. Rxa7 {[%emt 0:00:01]} Nb4 {[%emt 0:00:02]} 22. Ra4 {[%emt 0:00:06]} Rc8 {[%emt 0:00:08]} 23. Rxb4 {[%emt 0:00:03] matematyk3 resigns matematyk3 resigns matematyk3 resigns (Lag: Av=0.86s, max=1.6s) (Lag: Av=0.86s, max=1.6s) (Lag: Av=0.86s, max=1.6s)} 1-0

[Event "399 Stay Safe Play From Home series"]
[Site "Emanuel Lasker Arena"]
[Date "2020.08.20"]
[Round "4"]
[White "Zink11"]
[Black "Klasman"]
[Result "1-0"]
[WhiteElo "1658"]
[BlackElo "1571"]
[Annotator "NA"]
[PlyCount "49"]
[EventDate "2020.08.20"]
[EventType "swiss (blitz)"]

1. e4 {[%emt 0:00:05]} f5 {[%emt 0:00:01]} 2. exf5 {[%emt 0:00:02]} Nf6 {[%emt 0:00:03]} 3. Nf3 {[%emt 0:00:02]} d5 {[%emt 0:00:02]} 4. d4 {[%emt 0:00:03]} Bxf5 {[%emt 0:00:01]} 5. Bd3 {[%emt 0:00:02]} Bxd3 {[%emt 0:00:02]} 6. Qxd3 {[%emt 0:00:01]} Nc6 {[%emt 0:00:01]} 7. O-O {[%emt 0:00:02]} Qd6 {[%emt 0:00:01]} 8. c3 {[%emt 0:00:04]} O-O-O {[%emt 0:00:03]} 9. b4 {[%emt 0:00:04]} Ne4 {[%emt 0:00:03]} 10. a4 {[%emt 0:00:03]} g5 {[%emt 0:00:06]} 11. Nbd2 {[%emt 0:00:05]} g4 {[%emt 0:00:04]} 12. Ne5 {[%emt 0:00:14]} Nxe5 {[%emt 0:00:03]} 13. Nxe4 {[%emt 0:00:10]} Nxd3 {[%emt 0:00:04]} 14. Nxd6+ {[%emt 0:00:03]} Rxd6 {[%emt 0:00:04]} 15. Ba3 {[%emt 0:00:08]} Nf4 {[%emt 0:00:04]} 16. b5 {[%emt 0:00:04]} Rd7 {[%emt 0:00:03]} 17. Rfe1 {[%emt 0:00:04]} h5 {[%emt 0:00:08]} 18. Re5 {[%emt 0:00:06]} h4 {[%emt 0:00:05]} 19. Rae1 {[%emt 0:00:03]} g3 {[%emt 0:00:02]} 20. fxg3 {[%emt 0:00:03]} hxg3 {[%emt 0:00:01]} 21. hxg3 {[%emt 0:00:05]} Nd3 {[%emt 0:00:02]} 22. Bxe7 {[%emt 0:00:04]} Nxe1 {[%emt 0:00:06]} 23. Bh4 {[%emt 0:00:09]} Nd3 {[%emt 0:00:05]} 24. Re8+ {[%emt 0:00:01]} Rd8 {[%emt 0:00:11]} 25. Rxd8# {[%emt 0:00:01] Mate Mate Mate} 1-0